Recent and Changes Trends in Management, Economics, Commerce, Social Science and Humanities/ (Record no. 210399)

MARC details
000 -LEADER
fixed length control field 00701nam a2200193 4500
005 - DATE AND TIME OF LATEST TRANSACTION
control field 20250320151434.0
010 ## - LCCN (DPL NO)
LC control number ENG-144142
020 ## - INTERNATIONAL STANDARD BOOK NUMBER
International Standard Book Number 9789389658040
Terms of availability 300.00
035 ## - SYSTEM CONTROL NUMBER
System control number EN-127674
037 ## - SOURCE OF ACQUISITION
Source of stock number/acquisition DBAD
082 ## - DEWEY DECIMAL CLASSIFICATION NUMBER
Classification number 015.3
245 ## - TITLE STATEMENT
Title Recent and Changes Trends in Management, Economics, Commerce, Social Science and Humanities/
Statement of responsibility, etc Edited by Sundari Suresh [and] C.Vijai
260 ## - PUBLICATION, DISTRIBUTION, ETC. (IMPRINT)
Place of publication, distribution, etc Tamil Nadu
Name of publisher, distributor, etc Shanlax Publications
Date of publication, distribution, etc 2019
270 ## - ADDRESS
Address 61,66 T.P.K. Main Road Vasantha Nagar.
City Tamil Nadu
Postal code 625003
Electronic mail address shanlaxpublications.com
300 ## - PHYSICAL DESCRIPTION
Extent 161p.
Dimensions 24cm(pb)
700 ## - ADDED ENTRY--PERSONAL NAME
Personal name Sundari Suresh
Relator term Editor
9 (RLIN) 79784
700 ## - ADDED ENTRY--PERSONAL NAME
Personal name Vijai, C.
Relator term Editor
9 (RLIN) 79785
942 ## - ADDED ENTRY ELEMENTS (KOHA)
Source of classification or shelving scheme Dewey Decimal Classification
Item type English Books
Classification part 015.3
Call number suffix REC
Holdings
Withdrawn status Lost status Not for loan Collection code Home library Current library Date acquired Source of acquisition Cost, normal purchase price Full call number Barcode Copy number Cost, replacement price Koha item type
      Non-fiction Sarojini Nagar Sarojini Nagar 20/03/2025 Delivery of Books Act Division 300.00 015.3 REC EN-127674 1 300.00 English Books

© Delhi Public Library
Hit Counter
free hit counter